[Event "OP-2017-0-04290"]
[Site "LSS email"]
[Date "2017.03.01"]
[Round "?"]
[White "Goyeneche, Carlos"]
[Black "De la Cruz, Piedro"]
[Result "0-1"]
[WhiteElo "1425"]
[BlackElo "1326"]
[PlyCount "40"]
[EventDate "2017.02.21"]
[EventType "tourn (corr)"]
[EventRounds "4"]
[EventCountry "GER"]
[SourceTitle "Corr 2022"]
[Source "ChessBase"]
[SourceDate "2021.10.24"]
[SourceVersion "1"]
[SourceVersionDate "2021.10.24"]
[SourceQuality "1"]

1. d4 Nf6 2. c4 e6 3. Nc3 Bb4 4. Qc2 c5 5. dxc5 Bxc5 6. Nf3 Nc6 7. Bg5 h6 8. Bh4 0-0 9. e4 Nd4 10. Nxd4 Bxd4 11. Be2 Qa5 12. 0-0 Bxc3 13. bxc3 Qe5 14. Bd3 Ng4 15. Bg3 Qc5 16. Be2 Ne5 17. Qb3 f5 18. exf5 exf5 19. Qb5 Qxb5 20. cxb5 f4 0-1

[Event "SC-2012-0-00151"]
[Site "LSS email"]
[Date "2012.07.22"]
[Round "?"]
[White "Goyeneche, Carlos"]
[Black "Kravchenko, Daniil"]
[Result "0-1"]
[WhiteElo "1600"]
[BlackElo "1840"]
[PlyCount "38"]
[EventDate "2012.06.17"]
[EventType "tourn (corr)"]
[EventRounds "6"]
[EventCountry "GER"]
[SourceTitle "Corr 2015"]
[Source "ChessBase"]
[SourceDate "2015.07.17"]
[SourceVersion "1"]
[SourceVersionDate "2015.07.17"]
[SourceQuality "1"]

1. e4 c5 2. Nf3 d6 3. d4 cxd4 4. Nxd4 Nf6 5. Nc3 Nc6 6. Bg5 e6 7. Qd2 Be7 8. 0-0-0 0-0 9. f4 h6 10. Bh4 Nxd4 11. Qxd4 Qa5 12. Bc4 e5 13. fxe5 dxe5 14. Qd3 Bg4 15. Rdf1 Rac8 16. Bxf6 Bxf6 17. Nd5 Bg5+ 18. Kb1 Qc5 19. Bb3 Bh4 0-1

[Event "OP-2012-0-02307"]
[Site "LSS email"]
[Date "2012.07.19"]
[Round "?"]
[White "Goyeneche, Carlos"]
[Black "Willmann, Bernd"]
[Result "1/2-1/2"]
[WhiteElo "1600"]
[BlackElo "1676"]
[PlyCount "35"]
[EventDate "2012.07.17"]
[EventType "tourn (corr)"]
[EventRounds "4"]
[EventCountry "GER"]
[SourceTitle "Corr 2015"]
[Source "ChessBase"]
[SourceDate "2015.07.17"]
[SourceVersion "1"]
[SourceVersionDate "2015.07.17"]
[SourceQuality "1"]

1. e4 c5 2. Nf3 Nc6 3. d4 cxd4 4. Nxd4 Nf6 5. Nc3 d6 6. Bg5 e6 7. Qd2 Be7 8. 0-0-0 0-0 9. f3 h6 10. Be3 a6 11. g4 Nxd4 12. Bxd4 b5 13. Kb1 e5 14. Be3 b4 15. Ne2 d5 16. exd5 Qa5 17. c4 bxc3 18. Qxc3 1/2-1/2

[Event "SC-2012-0-00151"]
[Site "LSS email"]
[Date "2012.07.19"]
[Round "?"]
[White "Haanpaeae, Harri T"]
[Black "Goyeneche, Carlos"]
[Result "1-0"]
[WhiteElo "1656"]
[BlackElo "1600"]
[PlyCount "33"]
[EventDate "2012.06.17"]
[EventType "tourn (corr)"]
[EventRounds "6"]
[EventCountry "GER"]
[SourceTitle "Corr 2015"]
[Source "ChessBase"]
[SourceDate "2015.07.17"]
[SourceVersion "1"]
[SourceVersionDate "2015.07.17"]
[SourceQuality "1"]

1. e4 e5 2. Nf3 Nc6 3. d4 exd4 4. Bc4 Bc5 5. c3 Nf6 6. cxd4 Bb4+ 7. Bd2 Bxd2+ 8. Nbxd2 d5 9. exd5 Nxd5 10. Qb3 Nce7 11. 0-0 0-0 12. Rfe1 c6 13. Ne4 h6 14. Ne5 Qb6 15. Rad1 Qxb3 16. Bxb3 Rd8 17. Rd2 1-0

[Event "OP-2012-0-02307"]
[Site "LSS email"]
[Date "2012.07.19"]
[Round "?"]
[White "Hammerschmidt, Volker"]
[Black "Goyeneche, Carlos"]
[Result "1-0"]
[WhiteElo "1854"]
[BlackElo "1600"]
[PlyCount "69"]
[EventDate "2012.07.17"]
[EventType "tourn (corr)"]
[EventRounds "4"]
[EventCountry "GER"]
[SourceTitle "Telechess CBM 165"]
[Source "ChessBase"]
[SourceDate "2015.03.11"]
[SourceVersion "1"]
[SourceVersionDate "2015.03.11"]
[SourceQuality "1"]

1. e4 e5 2. Bc4 Nc6 3. Nf3 Bc5 4. d3 Nf6 5. c3 a6 6. 0-0 Ba7 7. Bb3 0-0 8. Nbd2 d6 9. h3 Be6 10. Re1 Bxb3 11. Qxb3 Qd7 12. Nf1 h6 13. Be3 Rfe8 14. Bxa7 Rxa7 15. Ng3 Qe6 16. Qa4 b5 17. Qc2 Nd8 18. d4 Nb7 19. a4 Raa8 20. Qe2 c6 21. Nf5 Nd7 22. axb5 axb5 23. N3h4 Nf6 24. Rxa8 Rxa8 25. d5 cxd5 26. Qxb5 Nc5 27. exd5 Nxd5 28. Qc6 Ra7 29. Rd1 Ne7 30. Nxe7+ Qxe7 31. Nf5 Qd7 32. Qxd7 Rxd7 33. Rxd6 Rb7 34. b4 Ne4 35. Rc6 1-0